Geography Quiz

Random Geography or City Quiz
Score 0/51 Timer 10:00
0 Plays Today
County City % Correct
Greater ManchesterManchester
96.2%
Greater LondonLondon
95.7%
MerseysideLiverpool
93%
CambridgeshireCambridge
92.2%
Tyne and WearNewcastle-upon-Tyne
90.4%
West MidlandsBirmingham
90.1%
OxfordshireOxford
90.1%
West YorkshireLeeds
86.3%
NottinghamshireNottingham
86%
LeicestershireLeicester
84.3%
North YorkshireYork
84.1%
DerbyshireDerby
83.8%
Unitary Authority (South West)Bristol
79.3%
LincolnshireLincoln
78.1%
NorfolkNorwich
77.8%
HampshireSouthampton
77%
South YorkshireSheffield
75.1%
GloucestershireGloucester
73.3%
County DurhamDurham
72.9%
HampshirePortsmouth
72.6%
CheshireChester
71.4%
Tyne and WearSunderland
69.5%
WorcestershireWorcester
69.3%
East Riding of YorkshireKingston-Upon-Hull
68.9%
East SussexBrighton & Hove
68.7%
DevonPlymouth
68.7%
County City % Correct
DevonExeter
65.6%
HerefordshireHereford
63.8%
StaffordshireStoke-on-Trent
62.7%
LancashireLancaster
62.4%
West YorkshireBradford
60.6%
West MidlandsCoventry
59.1%
West MidlandsWolverhampton
57.5%
SomersetBath
56%
CumbriaCarlisle
53.9%
KentCanterbury
49.8%
CornwallTruro
46.6%
LancashirePreston
46.1%
Greater ManchesterSalford
41.6%
CambridgeshirePeterborough
40.8%
Greater LondonWestminster
39.6%
HampshireWinchester
36.3%
CambridgeshireEly
36.1%
WiltshireSalisbury
35.2%
EssexChelmsford
33.2%
HertfordshireSt. Albans
30.3%
West YorkshireWakefield
26.9%
SomersetWells
26.1%
West SussexChichester
26%
North YorkshireRipon
22.6%
StaffordshireLichfield
18.7%
Remove Ads.
Support Sporcle.
Get the best of Sporcle when you Go Orange. This ad-free experience offers more features, more stats, and more fun while also helping to support Sporcle. Thank you for becoming a member.

You're not logged in!

Compare scores with friends on all Sporcle quizzes.
OR
Log In

Show Comments

Extras

Top Quizzes Today


Score Distribution

Your Account Isn't Verified!

In order to create a playlist on Sporcle, you need to verify the email address you used during registration. Go to your Sporcle Settings to finish the process.

Report this User

Report this user for behavior that violates our Community Guidelines.

Details: